000 00542nam a22001817a 4500
003 OSt
005 20251205025831.0
008 251205b |||||||| |||| 00| 0 eng d
020 _a978-971-542-377-9.
040 _aDWCL-Admin lib
_cOC
082 _aFil. 899.2112 M385l 2003
100 _aMartinez, Chris
245 _aLast order sa penguin /
_cChris Martinez
260 _aQuezon City :
_bThe University of the Philippines Press,
_cc2003
300 _a 134 p. ;
_c21 cm.
650 _a1. Philippine drama
942 _2ddc
_cBK - FIL
_kFil.
_n0
999 _c6916
_d6916